000 00299nam a2200109Ia 4500
008 230302s9999 xx 000 0 und d
082 _a808.543GLA
100 _aGladwell (Malcolm)
245 _aBlink The Power Of Thinking Without The Thinking
260 _aLondon
_b penguin books
365 _cRS
999 _c153868
_d153868